000 00730cam a2200253 4500500
005 20260405002457.0
041 _afre
042 _adc
100 1 0 _aLacroix, Samuel
_eauthor
245 0 0 _a5 philosophes se penchent sur le phénomène Macron
260 _c2017.
500 _a7
690 _aCarl Schmitt
690 _aEmmanuel Macron
690 _aFrançois Hollande
690 _aJohn Rawls
690 _aMacron
690 _aMarx
690 _aNoberto Bobbio
690 _aPaul Ricoeur
690 _aPrésident
786 0 _nPhilosophie magazine | 110 | 6 | 2017-06-01 | p. 8-8 | 1951-1787
856 4 1 _uhttps://shs.cairn.info/magazine-philosophie-magazine-2017-6-page-8?lang=fr&redirect-ssocas=7080
999 _c2058045
_d2058045